=LDR 00000nam 2200000 4500 =001 INLIS000000000005204 =005 20130612093446 =008 ***********************************Ind** =035 ##$$0010-061300000005204 =041 ##$$a Ind =082 ##$$a 658.81 =090 ##$$a 658.81, Bet p =100 ##$$a BETHEL, Bill =245 ##$$a Pertanyaan - pertanyaan yang menghasilkan penjualan, oleh Bill Bethel; Alih Bahasa, Fredy Cahyono =260 ##$$a 1995 $b Solo =300 ##$$a 233 hlm, 21 cm =650 ##$$a Manajemen Penjualan =700 ##$$a CAHYONO, Fredy =850 ##$$a NBPNMAT